| 000 | 00628nam a2200241 a 4500 | ||
|---|---|---|---|
| 001 | nice12345678 | ||
| 003 | IN_TiNIC | ||
| 005 | 20260116013251.0 | ||
| 008 | 050524s1998 bana grp 000 0 eng | ||
| 020 |
_a8170867 _c120 |
||
| 082 | 0 | 0 |
_a260 _bOLI |
| 100 | _aOlivera, George | ||
| 245 |
_aOn Toleration _b from Theory to Social Praxis |
||
| 260 |
_aBangalore _bAsian Trading Corporation _c1998 |
||
| 300 | _a191p | ||
| 500 | _aincludes index and biblioraphy | ||
| 505 | 2 | _aBibliography, Index | |
| 650 | _aTheology-Social | ||
| 700 | 1 | _aOlivera, George | |
| 902 | _bSRS | ||
| 942 | _cBK | ||
| 999 |
_c10326 _d10326 |
||